|
|
|
|
| LEADER |
01375nam a2200373Ia 4500 |
| 001 |
EBC644784 |
| 003 |
MiAaPQ |
| 005 |
20200520144314.0 |
| 006 |
m o d | |
| 007 |
cr cn||||||||| |
| 008 |
100831s2010 nju s 001 0 eng d |
| 010 |
|
|
|z 2010037011
|
| 020 |
|
|
|z 0470651245
|
| 035 |
|
|
|a (MiAaPQ)EBC644784
|
| 035 |
|
|
|a (Au-PeEL)EBL644784
|
| 035 |
|
|
|a (CaPaEBR)ebr10437588
|
| 035 |
|
|
|a (CaONFJC)MIL425335
|
| 035 |
|
|
|a (OCoLC)698591437
|
| 040 |
|
|
|a MiAaPQ
|c MiAaPQ
|d MiAaPQ
|
| 050 |
|
4 |
|a HF5415.1265
|b .S6147 2010
|
| 082 |
0 |
4 |
|a 658.8/72
|2 22
|
| 100 |
1 |
|
|a Smith, Nick,
|d 1962-
|
| 245 |
1 |
4 |
|a The social media management handbook
|h [electronic resource] :
|b everything you need to know to get social media working in your business /
|c Nick Smith and Robert Wollan ; with Catherine Zhou.
|
| 260 |
|
|
|a Hoboken, N.J. :
|b Wiley,
|c 2010.
|
| 300 |
|
|
|a xv, 328 p.
|
| 500 |
|
|
|a Includes index.
|
| 533 |
|
|
|a Electronic reproduction. Ann Arbor, MI : ProQuest, 2015. Available via World Wide Web. Access may be limited to ProQuest affiliated libraries.
|
| 650 |
|
0 |
|a Internet marketing.
|
| 650 |
|
0 |
|a Social media
|x Marketing.
|
| 655 |
|
4 |
|a Electronic books.
|
| 700 |
1 |
|
|a Wollan, Robert,
|d 1957-
|
| 700 |
1 |
|
|a Zhou, Catherine.
|
| 710 |
2 |
|
|a ProQuest (Firm)
|
| 856 |
4 |
0 |
|u https://ebookcentral.proquest.com/lib/matrademy/detail.action?docID=644784
|z Click to View
|